| 000 | 00413nam a22001697a 4500 | ||
|---|---|---|---|
| 003 | OSt | ||
| 005 | 20210831154114.0 | ||
| 008 | 210831b |||||||| |||| 00| 0 eng d | ||
| 020 | _a0-205-31602-6 | ||
| 040 |
_aDDC _cHU |
||
| 082 |
_22ND _a155 _b1 |
||
| 100 |
_aBERK,LAURA E. _9942 |
||
| 245 | _aDEVELOPMENT THROUGH THE LIFESPAN | ||
| 250 | _a2ND | ||
| 260 |
_aBOSTON _bALLYN AND BACON _c2001 |
||
| 942 |
_2ddc _cBOOKS _n0 |
||
| 999 |
_c1151 _d1151 |
||